Statistical data analysis for the physical sciences / (Record no. 15322)

MARC details
000 -LEADER
fixed length control field 01329 a2200229 4500
001 - CONTROL NUMBER
control field 11410
003 - CONTROL NUMBER IDENTIFIER
control field IN-BhIIT
005 - DATE AND TIME OF LATEST TRANSACTION
control field 20260218164627.0
008 - FIXED-LENGTH DATA ELEMENTS--GENERAL INFORMATION
fixed length control field 260218b |||||||| |||| 00| 0 eng d
020 ## - INTERNATIONAL STANDARD BOOK NUMBER
ISBN 9781107670341 (pbk.)
040 ## - CATALOGING SOURCE
Original cataloging agency IN-BhIIT
041 ## - LANGUAGE CODE
Language code of text eng
082 ## - DEWEY DECIMAL CLASSIFICATION NUMBER
Classification number 530.078
Book number BEV/S
100 ## - MAIN ENTRY--AUTHOR NAME
Personal name Bevan, Adrian
Relator term Author
245 ## - TITLE STATEMENT
Title Statistical data analysis for the physical sciences /
Statement of responsibility, etc Adrian Bevan
260 ## - PUBLICATION, DISTRIBUTION, ETC. (IMPRINT)
Place of publication New York :
Name of publisher Cambridge university Press,
Year of publication 2013.
300 ## - PHYSICAL DESCRIPTION
Number of Pages xi, 220 p. :
Other physical details(ill.) ill. ;
Dimensions(size) 30 cm.
504 ## - BIBLIOGRAPHY, ETC. NOTE
Bibliography, etc Includes bibliographical references. and index.
520 ## - SUMMARY, ETC.
Summary, etc Data analysis lies at the heart of every experimental science. Providing a modern introduction to statistics, this book is ideal for undergraduates in physics. It introduces the necessary tools required to analyse data from experiments across a range of areas, making it a valuable resource for students. In addition to covering the basic topics, the book also takes in advanced and modern subjects, such as neural networks, decision trees, fitting techniques and issues concerning limit or interval setting. Worked examples and case studies illustrate the techniques presented, and end-of-chapter exercises help test the reader's understanding of the material.
650 ## - SUBJECT ADDED ENTRY--TOPICAL TERM
Topical Term Data Analysis
942 ## - ADDED ENTRY ELEMENTS (KOHA)
Koha item type Annual Report
Koha issues (borrowed), all copies 1
Holdings
Withdrawn status Lost status Damaged status Not for loan Collection code Home library Current library Date acquired Source of acquisition Cost, normal purchase price Full call number Accession Number Cost, replacement price Price effective from Koha item type
Not withdrawn Not Lost not damaged   SBS Central Library, IIT Bhubaneswar Central Library, IIT Bhubaneswar 05/02/2026 51 2018.42 530.078 BEV/S 11410 2764.96 05/02/2026 Technical Reference Book

Central Library, Indian Institute of Technology Bhubaneswar, 4th Floor, Administrative Building, Argul, Khordha, PIN-752050, Odisha, India
Phone: +91-674-7138750 | Email: circulation.library@iitbbs.ac.in (For circulation related queries),
Email: info.library@iitbbs.ac.in (For other queries)